| 000 | 00871nam a2200217 a 4500 | ||
|---|---|---|---|
| 008 | 070507s2007 ||||||||||||||||| || u | ||
| 020 | _a0821368788 | ||
| 050 | _aIBRD(08) | ||
| 100 | _aO'Sullivan, Kyran | ||
| 245 | 1 | 0 |
_aEnergy policies and multitopic household surveys: guidelines for questionnaire design in living standards measurement studies _cby Kyan O'sullivan and Douglas F. Barnes |
| 260 |
_aWashington, D.C. _bWorld Bank _c2007 |
||
| 300 | _avii, 52p.:ill. | ||
| 350 | _a0.00 | ||
| 490 | _aWorld Bank Working Papers | ||
| 650 | _aHOUSEHOLD SURVEYS | ||
| 650 | _aHOUSEHOLDS--ENERGY CONSUMPTION | ||
| 650 | _aCOST AND STANDARD OF LIVING | ||
| 700 | _aBarnes, Douglas F | ||
| 710 | _aWorld Bank | ||
| 995 |
_D0.00 _FCBU-MAIN LIBRARY (Kitwe) _H1 _I0.00 _M1 _UAVAILABLE _WMay 7, 2007 _ZInternational Publications |
||
| 999 |
_c41884 _d41884 |
||